000 00902nas a2200265Ia 4500
001 A50/R176-13873 [r000011331]
003 IT-MiCISF
008 161014c99999999xx |||||||||||| ||und||
040 _aIT-MiCISF
_cIT-MiCISF
041 _aITALIANO
100 _aPeri Vittorio
210 _aDocumenti. La famiglia in un mondo che cambia
222 _aDocumenti. La famiglia in un mondo che cambia
245 0 _aI compiti educativi della famiglia
250 _a1a ed.
260 _c1982
501 _bCISF - Centro Internazionale Studi Famiglia - Via Giotto, 36 20145 MILANO (non commercial uses only)
_cCopyright 2016
300 _app. 22-29
362 _an. 27, marzo-aprile [1982]
500 _a Tema: pastorale-familiare, chiesa-domestica, educazione-familiare
650 _aPASTORALE - pastorale familiare
_varticolo
700 _aAA.VV.
942 _cCR
957 _71
999 _a13873
_bSi
_g1
_c235885
_d235885